000 01026cam a22003014a 4500
001 15003092
003 OSt
005 20210218190444.0
008 070911s2007 moua b 001 0 eng
010 _a 2007280292
020 _a9781416034360
040 _aDLC
_cDLC
_dDLC
_dPHNSL
050 0 0 _aRT41
_b.F86 2004
082 0 0 _a610.73068
_222
100 _aHarkreader, Helen
245 0 0 _aFundamentals of nursing :
_bcaring and clinical judgement /
_cHelen Harkreader, Mary Ann Hogan, Marshelle Thobaben.
250 _a3rd ed.
260 _aSt. Louis, Mo. :
_bSaunders/Elsevier,
_c2007.
300 _axxx, 1394 p. :
_bill. (some col.) ;
_c29 cm. +
_e1 computer optical disc (4 3/4 in.)
650 0 _aNursing
_xPractice.
650 0 _aNursing.
650 0 _aNursing
_xPractice
_zUnited States.
700 1 _aHogan, Mary Ann,
_cMSN.
700 1 _aThobaben, Marshelle
906 _a7
_bcbc
_corigcop
_d2
_encip
_f20
_gy-gencatlg
942 _2lcc
_cBK
999 _c459
_d459